Aston Villa Squad 23/24 - Statistics

General Stats
  • This quiz has been taken 106 times
    88 since last reset
  • The average score is 23 of 26
Answer Stats
# Nation Former Club Answer % Correct
1 Argentina Arsenal Emiliano Martinez
97%
2 Poland Nottingham Matty Cash
97%
6 Brazil Man City Douglas Luiz
96%
7 Scotland Hibernian John McGinn
96%
11 England Brentford Ollie Watkins
96%
31 Jamaica Bayer Leverkusen Leon Bailey
94%
14 Spain Villarreal Pau Torres
94%
8 Belgium Leicester City Youri Tielemans
94%
3 Brazil Sevilla Diego Carlos
91%
12 France Everton Lucas Digne
91%
19 France Bayer Leverkusen Moussa Diaby
91%
5 England Bournemouth Tyrone Mings
91%
10 Argentina Norwich City Emiliano Buendia
90%
4 England Brentford Ezri Konsa
89%
9 Burkina Faso Olympique Lyon Bertrand Traore
87%
41 England Youth Jacob Ramsey
87%
44 France Marseille Boubacar Kamara
86%
15 Spain Real Betis Alex Moreno
84%
24 Colombia Chicago Fire Jhon Duran
84%
22 Italy Galatasaray Nicolo Zaniolo
84%
25 Sweden AS Roma Robin Olsen
84%
17 France Barcelona Clement Lenglet
81%
23 Brazil Barcelona Philippe Coutinho
81%
16 England Arsenal Calum Chambers
77%
32 Belgium Leicester City Leander Dendoncker
74%
30 England Wolves Kortney Hause
43%
No matching quizzes found
Score Distribution
Percent of People with Each Score
Percentile by Number Answered
Your Score History
You have not taken this quiz since the last reset